[Event "San Pedro de la Paz-A"]
[Site "San Pedro de la Paz"]
[Date "2022.03.13"]
[Round "8"]
[White "Olivares Olivares, Claudio"]
[Black "Estay Torreblanca, Oscar"]
[Result "1/2-1/2"]
[WhiteElo "2380"]
[BlackElo "2183"]
[PlyCount "139"]
[EventDate "2022.03.07"]
[EventType "tourn"]
[EventRounds "9"]
[EventCountry "CHI"]
[SourceTitle "CBM 207 Extra"]
[Source "ChessBase"]
[SourceDate "2022.05.31"]
[SourceVersion "1"]
[SourceVersionDate "2022.05.31"]
[SourceQuality "1"]

1. e4 e5 2. Nf3 Nc6 3. Bb5 a6 4. Ba4 Nf6 5. 0-0 Be7 6. d3 b5 7. Bb3 0-0 8. Nc3 d6 9. Nd5 Na5 10. Nxe7+ Qxe7 11. h3 c5 12. Bg5 Nxb3 13. axb3 h6 14. Bd2 Nh7 15. b4 cxb4 16. Bxb4 f5 17. d4 fxe4 18. Nxe5 Qe6 19. Ng4 Qg6 20. Ra3 h5 21. Ne5 dxe5 22. Rg3 Qf7 23. Bxf8 Nxf8 24. dxe5 Be6 25. Re1 h4 26. Rc3 Bf5 27. f3 Re8 28. fxe4 Be6 29. Rf1 Qg6 30. Qd6 Nd7 31. Rf4 Nxe5 32. Rxh4 Nf7 33. Qc5 Qg5 34. Qf2 Rd8 35. Qf4 Qxf4 36. Rxf4 Ne5 37. Rc5 Ng6 38. Rf3 Rd4 39. Rg3 Nf4 40. Kh2 Rxe4 41. Rcg5 g6 42. Rc3 Kf7 43. Rgg3 Kf6 44. Rgf3 Ke5 45. Rce3 g5 46. Rxe4+ Kxe4 47. Rg3 Kf5 48. Ra3 Bc8 49. Rc3 Bb7 50. Rc5+ Kf6 51. g3 Ne6 52. Rc3 Be4 53. Ra3 Bxc2 54. Rxa6 b4 55. h4 g4 56. h5 b3 57. h6 Kf7 58. Ra7+ Kg8 59. Ra4 Bd1 60. Rc4 Kh7 61. Kg1 Ng5 62. Rc6 Bc2 63. Kf2 Ne4+ 64. Ke3 Nxg3 65. Kf4 Ne2+ 66. Kxg4 Nd4 67. Rb6 Bg6 68. Kg5 Nf3+ 69. Kf4 Nd4 70. Kg5 1/2-1/2

[Event "Concepcion CC-ch"]
[Site "Concepcion"]
[Date "2017.04.02"]
[Round "5"]
[White "Estay Torreblanca, Oscar"]
[Black "Farfan Ortiz, Victor"]
[Result "1-0"]
[WhiteElo "2206"]
[BlackElo "2186"]
[PlyCount "107"]
[EventDate "2017.03.30"]
[EventType "match"]
[EventRounds "6"]
[EventCountry "CHI"]
[SourceTitle "EXT 2018"]
[Source "ChessBase"]
[SourceDate "2017.10.13"]
[SourceVersion "1"]
[SourceVersionDate "2017.10.13"]
[SourceQuality "1"]

1. e4 e6 2. d4 d5 3. Nc3 dxe4 4. Nxe4 Bd7 5. Nf3 Bc6 6. Bd3 Nd7 7. 0-0 Ngf6 8. Ng3 g6 9. b3 Bg7 10. Ba3 Bf8 11. Bb2 Bg7 12. c4 0-0 13. Re1 b6 14. Qe2 Bb7 15. Rad1 Qc8 16. b4 c5 17. dxc5 bxc5 18. b5 a6 19. Ne5 Nb6 20. Nc6 Bxc6 21. bxc6 Qxc6 22. Bxf6 Bxf6 23. Be4 Qa4 24. Bxa8 Rxa8 25. Rb1 Qc6 26. Qe4 Rc8 27. Qxc6 Rxc6 28. Rec1 Kg7 29. Kf1 Na4 30. Ne4 Bd4 31. Rb7 h6 32. Rd7 Be5 33. Re1 Nb6 34. Ra7 Nc8 35. Rb7 Bd4 36. h4 Nb6 37. Rc1 Kf8 38. Ke2 Ke8 39. f4 f5 40. Nd2 Nd7 41. Nf3 e5 42. fxe5 Re6 43. Nxd4 cxd4 44. Kd2 Nxe5 45. c5 Kd8 46. Rb6 Nc6 47. Re1 Rf6 48. Rxa6 Kc7 49. Re8 f4 50. Rh8 g5 51. Rh7+ Kb8 52. hxg5 hxg5 53. Rg7 Kc8 54. Ra8+ 1-0

[Event "Concepcion CC-ch"]
[Site "Concepcion"]
[Date "2017.03.31"]
[Round "2"]
[White "Farfan Ortiz, Victor"]
[Black "Estay Torreblanca, Oscar"]
[Result "1/2-1/2"]
[WhiteElo "2186"]
[BlackElo "2206"]
[PlyCount "29"]
[EventDate "2017.03.30"]
[EventType "match"]
[EventRounds "6"]
[EventCountry "CHI"]
[SourceTitle "EXT 2018"]
[Source "ChessBase"]
[SourceDate "2017.10.13"]
[SourceVersion "1"]
[SourceVersionDate "2017.10.13"]
[SourceQuality "1"]

1. d4 Nf6 2. Bf4 e6 3. e3 c5 4. Nd2 cxd4 5. exd4 Be7 6. c3 d6 7. Ngf3 0-0 8. h3 b6 9. Bd3 Bb7 10. 0-0 Nbd7 11. Qe2 Re8 12. Bh2 Bf8 13. Ba6 Qc8 14. Bxb7 Qxb7 15. Rfe1 1/2-1/2

[Event "Concepcion IRT-A"]
[Site "Concepcion"]
[Date "2016.08.21"]
[Round "4"]
[White "Cruz Molina, Nicolas Dieter"]
[Black "Estay Torreblanca, Oscar"]
[Result "0-1"]
[WhiteElo "2139"]
[BlackElo "2195"]
[PlyCount "50"]
[EventDate "2016.08.19"]
[EventType "tourn"]
[EventRounds "5"]
[EventCountry "CHI"]
[SourceTitle "EXT 2024"]
[Source "ChessBase"]
[SourceDate "2023.10.10"]
[SourceVersion "1"]
[SourceVersionDate "2023.10.10"]
[SourceQuality "1"]

1. e4 e5 2. Nf3 Nc6 3. Bb5 a6 4. Ba4 Nf6 5. 0-0 Be7 6. Nc3 b5 7. Bb3 0-0 8. d3 d6 9. a4 b4 10. Nd5 Rb8 11. Bd2 Bg4 12. a5 Nxd5 13. Bxd5 Nd4 14. c3 bxc3 15. Bxc3 Nxf3+ 16. gxf3 Bh5 17. Kg2 Bg5 18. Rh1 Bh4 19. Ra2 Qg5+ 20. Kf1 Qf6 21. Kg2 c6 22. Bxc6 Qg6+ 23. Kf1 Qe6 24. Qa1 Qh3+ 25. Ke1 Qxf3 0-1

[Event "Capablanca Memorial op 51st"]
[Site "Varadero"]
[Date "2016.06.10"]
[Round "2"]
[White "Martinez Socorro, Noel"]
[Black "Estay Torreblanca, Oscar"]
[Result "1-0"]
[WhiteElo "2164"]
[BlackElo "2253"]
[PlyCount "47"]
[EventDate "2016.06.09"]
[EventType "swiss"]
[EventRounds "10"]
[EventCountry "CUB"]
[SourceTitle "EXT 2017"]
[Source "ChessBase"]
[SourceDate "2016.10.25"]
[SourceVersion "1"]
[SourceVersionDate "2016.10.25"]
[SourceQuality "1"]

1. e4 e5 2. Nf3 Nc6 3. Bc4 Nf6 4. d3 Bc5 5. c3 d6 6. 0-0 a6 7. d4 Ba7 8. h3 h6 9. Re1 0-0 10. Bb3 Re8 11. Qd3 Nh5 12. g4 Nf4 13. Bxf4 exf4 14. Nbd2 h5 15. Nh2 hxg4 16. hxg4 g6 17. e5 d5 18. Qf3 Ne7 19. Qxf4 c5 20. Ndf3 cxd4 21. cxd4 Nc6 22. Rad1 Be6 23. Qh6 Qd7 24. Ng5 1-0

[Event "Capablanca Memorial op 51st"]
[Site "Varadero"]
[Date "2016.06.09"]
[Round "1"]
[White "Estay Torreblanca, Oscar"]
[Black "Gutierrez Espinosa, Karen"]
[Result "1-0"]
[WhiteElo "2253"]
[BlackElo "2072"]
[PlyCount "53"]
[EventDate "2016.06.09"]
[EventType "swiss"]
[EventRounds "10"]
[EventCountry "CUB"]
[SourceTitle "EXT 2017"]
[Source "ChessBase"]
[SourceDate "2016.10.25"]
[SourceVersion "1"]
[SourceVersionDate "2016.10.25"]
[SourceQuality "1"]

1. Nf3 c5 2. e4 g6 3. c3 Nf6 4. e5 Nd5 5. d4 cxd4 6. Bc4 Nb6 7. Bb3 Bg7 8. cxd4 d5 9. h3 0-0 10. 0-0 Nc6 11. Nc3 Bf5 12. Nh4 Be6 13. Ne2 f6 14. Nf4 Qd7 15. Nxe6 Qxe6 16. f4 fxe5 17. dxe5 Na5 18. Bc2 Rad8 19. Nf3 Qc8 20. Bd3 Nac4 21. Ng5 e6 22. b3 Na5 23. Nxh7 Kxh7 24. Qh5+ Kg8 25. Bxg6 Rf5 26. Qh7+ Kf8 27. Ba3+ 1-0

[Event "CHI-ch"]
[Site "Valdivia"]
[Date "2016.03.04"]
[Round "8"]
[White "Estay Torreblanca, Oscar"]
[Black "Abarca Gonzalez, Nicolas"]
[Result "1/2-1/2"]
[WhiteElo "2265"]
[BlackElo "2391"]
[PlyCount "97"]
[EventDate "2016.02.29"]
[EventType "tourn"]
[EventRounds "11"]
[EventCountry "CHI"]
[SourceTitle "CBM 171 Extra"]
[Source "ChessBase"]
[SourceDate "2016.04.26"]
[SourceVersion "1"]
[SourceVersionDate "2016.04.26"]
[SourceQuality "1"]

1. d4 c5 2. d5 f5 3. Nc3 Nf6 4. Bg5 Qb6 5. Qd2 h6 6. Bf4 g5 7. Be5 Bg7 8. Rb1 Ne4 9. Nxe4 Bxe5 10. Nc3 Na6 11. e3 Nc7 12. Bd3 d6 13. Nge2 Bd7 14. a3 a5 15. 0-0 Rf8 16. Kh1 Bh8 17. f4 e5 18. dxe6 Bxe6 19. Ng3 c4 20. Be2 gxf4 21. Bh5+ Kd7 22. exf4 a4 23. Rbd1 Rfd8 24. Rfe1 Kc8 25. Bf3 Ra5 26. Nce2 Rb5 27. Nc3 Ra5 28. Nce2 Bxb2 29. c3 Bxa3 30. Nd4 Bb2 31. Nxe6 Nxe6 32. Rxe6 a3 33. Re7 Ra7 34. Qd5 a2 35. Qxc4+ Kb8 36. Rxb7+ Rxb7 37. Qxa2 Ra7 38. Qd5 Ra5 39. Qf7 Ra1 40. Rxa1 Bxa1 41. h4 Bxc3 42. Nxf5 d5 43. Bxd5 Qc7 44. Nxh6 Qxf7 45. Bxf7 Be1 46. Nf5 Rf8 47. Bg6 Bxh4 48. Nxh4 Rxf4 49. g3 1/2-1/2

[Event "CHI-ch"]
[Site "Valdivia"]
[Date "2016.03.03"]
[Round "7"]
[White "Estay Torreblanca, Oscar"]
[Black "Valenzuela Gomez, Fernando Alberto"]
[Result "0-1"]
[WhiteElo "2265"]
[BlackElo "2334"]
[PlyCount "46"]
[EventDate "2016.02.29"]
[EventType "tourn"]
[EventRounds "11"]
[EventCountry "CHI"]
[SourceTitle "CBM 171 Extra"]
[Source "ChessBase"]
[SourceDate "2016.04.26"]
[SourceVersion "1"]
[SourceVersionDate "2016.04.26"]
[SourceQuality "1"]

1. d4 Nf6 2. Nf3 g6 3. Bf4 Bg7 4. h3 0-0 5. e3 d6 6. Nbd2 c5 7. c3 Nc6 8. Bc4 cxd4 9. cxd4 e5 10. dxe5 dxe5 11. Nxe5 Nd5 12. Nxc6 bxc6 13. 0-0 Nxf4 14. exf4 Qd4 15. Bb3 Qxf4 16. Nc4 Be6 17. Qc1 Qh4 18. Ne3 Rab8 19. Bxe6 fxe6 20. Rb1 Qe4 21. Qc4 Bd4 22. b3 Rxf2 23. Rxf2 Qxe3 0-1

[Event "CHI-ch"]
[Site "Valdivia"]
[Date "2016.03.03"]
[Round "6"]
[White "Perez Gormaz, Matias Ariel"]
[Black "Estay Torreblanca, Oscar"]
[Result "1-0"]
[WhiteElo "2435"]
[BlackElo "2265"]
[PlyCount "91"]
[EventDate "2016.02.29"]
[EventType "tourn"]
[EventRounds "11"]
[EventCountry "CHI"]
[SourceTitle "CBM 171 Extra"]
[Source "ChessBase"]
[SourceDate "2016.04.26"]
[SourceVersion "1"]
[SourceVersionDate "2016.04.26"]
[SourceQuality "1"]

1. e4 e5 2. Nf3 Nc6 3. Bb5 a6 4. Ba4 Nf6 5. d3 b5 6. Bb3 Be7 7. 0-0 0-0 8. a4 b4 9. Re1 d6 10. a5 Be6 11. Nbd2 Bxb3 12. Nxb3 d5 13. Qe2 Re8 14. Be3 h6 15. Bd2 Bf8 16. h3 Rb8 17. Nh2 Rb5 18. Be3 dxe4 19. dxe4 Nd4 20. Bxd4 exd4 21. Qd3 c5 22. Nf3 Qc7 23. Nfd2 Nd7 24. Nc4 Re6 25. Nbd2 Rb8 26. e5 Nxe5 27. Nxe5 Rxe5 28. Rxe5 Qxe5 29. Qxa6 Bd6 30. Nf3 Qd5 31. b3 Bc7 32. Qd3 Qd6 33. a6 Ra8 34. Qb5 Rb8 35. Qc4 Ra8 36. g3 Qf6 37. Qd3 c4 38. bxc4 Rxa6 39. Rxa6 Qxa6 40. Nxd4 Qa1+ 41. Kg2 Bb6 42. Nb3 Qa7 43. Qf5 Qb7+ 44. Qf3 Qa7 45. Qc6 Bxf2 46. Qc8+ 1-0

[Event "CHI-ch"]
[Site "Valdivia"]
[Date "2016.02.29"]
[Round "2"]
[White "Richter Becerra, Hans"]
[Black "Estay Torreblanca, Oscar"]
[Result "1/2-1/2"]
[WhiteElo "2127"]
[BlackElo "2265"]
[PlyCount "36"]
[EventDate "2016.02.29"]
[EventType "tourn"]
[EventRounds "11"]
[EventCountry "CHI"]
[SourceTitle "CBM 171 Extra"]
[Source "ChessBase"]
[SourceDate "2016.04.26"]
[SourceVersion "1"]
[SourceVersionDate "2016.04.26"]
[SourceQuality "1"]

1. d4 Nf6 2. c4 g6 3. Nc3 Bg7 4. Nf3 0-0 5. g3 d6 6. Bg2 Nbd7 7. 0-0 e5 8. h3 Re8 9. e4 exd4 10. Nxd4 Nc5 11. Re1 Bd7 12. Nb3 Na4 13. Nxa4 Bxa4 14. Qc2 Nd7 15. Bd2 Nc5 16. Bc3 Be5 17. f4 Bxc3 18. Qxc3 Bc6 1/2-1/2

[Event "Las Vegas Millionaire op"]
[Site "Las Vegas"]
[Date "2015.10.08"]
[Round "2"]
[White "Lenderman, Aleksandr"]
[Black "Estay Torreblanca, Oscar"]
[Result "1-0"]
[WhiteElo "2623"]
[BlackElo "2245"]
[PlyCount "89"]
[EventDate "2015.10.08"]
[EventType "swiss"]
[EventRounds "9"]
[EventCountry "USA"]
[SourceTitle "CBM 168 Extra"]
[Source "ChessBase"]
[SourceDate "2015.10.29"]
[SourceVersion "1"]
[SourceVersionDate "2015.10.29"]
[SourceQuality "1"]

1. d4 Nf6 2. c4 g6 3. Nc3 Bg7 4. e4 d6 5. Nf3 0-0 6. Be2 e5 7. 0-0 Nc6 8. d5 Ne7 9. Ne1 Ne8 10. Be3 f5 11. f3 f4 12. Bf2 g5 13. c5 h5 14. Rc1 Bh6 15. Rc2 Rf6 16. Nb5 Rg6 17. Nxa7 Bd7 18. c6 bxc6 19. Nxc6 Nxc6 20. dxc6 Bc8 21. Nd3 Be6 22. Nb4 g4 23. Bc4 Bxc4 24. Rxc4 g3 25. Be1 gxh2+ 26. Kxh2 Nf6 27. Rh1 Kh8 28. Rc2 Qg8 29. b3 Bg5 30. Kg1 Rh6 31. Nd5 Nxd5 32. Qxd5 Qg7 33. a4 h4 34. Rh3 Qf6 35. a5 Qd8 36. b4 Qb8 37. Kh2 Qa7 38. b5 Rb8 39. a6 Kg7 40. Bf2 Qa8 41. a7 Rc8 42. b6 cxb6 43. Bxb6 Be7 44. Bf2 Rc7 45. Rb2 1-0

[Event "Concepcion 1st"]
[Site "Concepcion"]
[Date "2013.??.??"]
[Round "9"]
[White "Estay Torreblanca, Oscar"]
[Black "Vasquez Toledo, Cristian"]
[Result "1/2-1/2"]
[WhiteElo "2249"]
[BlackElo "1909"]
[PlyCount "91"]
[EventDate "2013.07.19"]
[EventType "tourn"]
[EventRounds "9"]
[EventCountry "CHI"]
[SourceTitle "EXT 2024"]
[Source "ChessBase"]
[SourceDate "2023.10.10"]
[SourceVersion "1"]
[SourceVersionDate "2023.10.10"]
[SourceQuality "1"]

1. e4 d6 2. d4 Nf6 3. Nc3 e5 4. Nf3 Nbd7 5. Bc4 h6 6. dxe5 dxe5 7. Qe2 c6 8. a4 Be7 9. a5 Qc7 10. Nh4 Nc5 11. Nf5 Bxf5 12. exf5 Ncd7 13. Be3 Bb4 14. a6 b5 15. Ba2 0-0 16. 0-0 Bc5 17. Bd2 Rad8 18. Nd1 Nb8 19. Bc3 Rfe8 20. Ne3 Bb6 21. Ng4 Nbd7 22. Rfe1 Nxg4 23. Qxg4 Nf6 24. Qg3 Qc8 25. Qf3 Bd4 26. Ba5 Rd7 27. c3 Bc5 28. c4 e4 29. Qf4 b4 30. Bb3 Bd6 31. Qh4 Bc5 32. Qf4 e3 33. f3 e2+ 34. Kh1 Be3 35. Qh4 Bd2 36. c5 Bxe1 37. Rxe1 Qxa6 38. Bxb4 Qd3 39. Bc3 Qxf5 40. Qa4 Qxc5 41. Bxf6 Qf2 42. Qa1 gxf6 43. Qb1 Rd1 44. Qg6+ Kh8 45. Qxh6+ Kg8 46. Qg6+ 1/2-1/2

[Event "Concepcion 1st"]
[Site "Concepcion"]
[Date "2013.??.??"]
[Round "4"]
[White "Riffo Paz, Elizardo"]
[Black "Estay Torreblanca, Oscar"]
[Result "1-0"]
[WhiteElo "2231"]
[BlackElo "2249"]
[PlyCount "132"]
[EventDate "2013.07.19"]
[EventType "tourn"]
[EventRounds "9"]
[EventCountry "CHI"]
[SourceTitle "EXT 2024"]
[Source "ChessBase"]
[SourceDate "2023.10.10"]
[SourceVersion "1"]
[SourceVersionDate "2023.10.10"]
[SourceQuality "1"]

1. e4 e5 2. Nf3 Nc6 3. Bb5 a6 4. Ba4 Nf6 5. 0-0 Be7 6. Qe2 b5 7. Bb3 0-0 8. c3 Bb7 9. a4 d5 10. d3 b4 11. a5 Rb8 12. Bg5 dxe4 13. dxe4 Nxe4 14. Bxe7 Nxe7 15. Nxe5 Nc5 16. Nxf7 Rxf7 17. Bxf7+ Kxf7 18. Qh5+ Kg8 19. Qxc5 Bc6 20. Re1 Qd5 21. Qxd5+ Nxd5 22. Nd2 Nf4 23. Ne4 bxc3 24. bxc3 Rb2 25. Re3 h6 26. h4 Kh7 27. Rae1 Ra2 28. Rf3 Ne2+ 29. Kh2 Bxe4 30. Re3 Bd5 31. R1xe2 Rxa5 32. Re5 c6 33. c4 Bxc4 34. Rxa5 Bxe2 35. Rc5 Bb5 36. g4 Kg6 37. f4 a5 38. Kg3 a4 39. Rc3 h5 40. g5 Kf5 41. Kf3 Ke6 42. Re3+ Kf7 43. f5 Bc4 44. Kf4 Bb3 45. Rc3 Bd5 46. Re3 Bb3 47. Rc3 Bd5 48. Ke5 Ke7 49. Rg3 Bb3 50. f6+ gxf6+ 51. gxf6+ Kf8 52. Rc3 Bd5 53. Kf5 Kf7 54. Kg5 Be6 55. Rxc6 a3 56. Rc7+ Kg8 57. Kxh5 a2 58. Ra7 Bd5 59. Kg5 Kh8 60. h5 Kg8 61. h6 Kh8 62. Kf5 Kg8 63. Ke5 Bf7 64. Kd4 Be6 65. Kc3 Bf7 66. Kb2 Kh8 1-0

[Event "Talcahuano"]
[Site "Talcahuano"]
[Date "2012.07.02"]
[Round "9"]
[White "Estay Torreblanca, Oscar"]
[Black "Caceres Leal, Jaime"]
[Result "1-0"]
[WhiteElo "2214"]
[BlackElo "2137"]
[PlyCount "33"]
[EventDate "2012.06.02"]
[EventType "tourn"]
[EventRounds "9"]
[EventCountry "CHI"]
[SourceTitle "CBM 149 Extra"]
[Source "ChessBase"]
[SourceDate "2012.08.24"]
[SourceVersion "1"]
[SourceVersionDate "2012.08.24"]
[SourceQuality "1"]

1. e4 e5 2. Nf3 Nc6 3. Bb5 a6 4. Bxc6 dxc6 5. 0-0 Qd6 6. Qe2 Bd7 7. Na3 b5 8. c3 c5 9. d3 Bc6 10. Rd1 Nf6 11. d4 Nxe4 12. Nxe5 Be7 13. Nxc6 Qxc6 14. Re1 f5 15. f3 cxd4 16. fxe4 0-0 17. cxd4 1-0

[Event "Talcahuano"]
[Site "Talcahuano"]
[Date "2012.07.02"]
[Round "8"]
[White "Farfan Ortiz, Victor"]
[Black "Estay Torreblanca, Oscar"]
[Result "1/2-1/2"]
[WhiteElo "2206"]
[BlackElo "2214"]
[PlyCount "33"]
[EventDate "2012.06.02"]
[EventType "tourn"]
[EventRounds "9"]
[EventCountry "CHI"]
[SourceTitle "CBM 149 Extra"]
[Source "ChessBase"]
[SourceDate "2012.08.24"]
[SourceVersion "1"]
[SourceVersionDate "2012.08.24"]
[SourceQuality "1"]

1. c4 Nf6 2. Nf3 g6 3. g3 Bg7 4. Bg2 0-0 5. 0-0 d6 6. d4 a6 7. Nc3 Nc6 8. h3 Rb8 9. Be3 Bd7 10. Rc1 e5 11. Qd2 Re8 12. Rfd1 exd4 13. Nxd4 Nxd4 14. Bxd4 Bf5 15. e4 Bd7 16. c5 Bc6 17. cxd6 1/2-1/2

[Event "Talcahuano"]
[Site "Talcahuano"]
[Date "2012.06.30"]
[Round "5"]
[White "Riffo Paz, Elizardo"]
[Black "Estay Torreblanca, Oscar"]
[Result "0-1"]
[WhiteElo "2238"]
[BlackElo "2214"]
[PlyCount "73"]
[EventDate "2012.06.02"]
[EventType "tourn"]
[EventRounds "9"]
[EventCountry "CHI"]
[SourceTitle "CBM 149 Extra"]
[Source "ChessBase"]
[SourceDate "2012.08.24"]
[SourceVersion "1"]
[SourceVersionDate "2012.08.24"]
[SourceQuality "1"]

1. e4 e5 2. Nf3 Nc6 3. Bb5 a6 4. Ba4 Nf6 5. 0-0 Be7 6. Re1 b5 7. Bb3 0-0 8. h3 Bb7 9. Nc3 d6 10. Nd5 Na5 11. Nxe7+ Qxe7 12. d3 Nxb3 13. axb3 Nd7 14. Bg5 f6 15. Bh4 Nc5 16. b4 Ne6 17. d4 Nf4 18. Bg3 Ng6 19. Qd3 Rae8 20. c4 exd4 21. cxb5 axb5 22. Qxb5 Bxe4 23. Nxd4 f5 24. f3 Qf6 25. Rad1 f4 26. Bf2 Re5 27. Qc4+ Bd5 28. Qxc7 Rxe1+ 29. Rxe1 Ne5 30. Nb5 Bxf3 31. Bd4 Qg6 32. g4 Bxg4 33. Rxe5 Bxh3+ 34. Kf2 dxe5 35. Bxe5 Qg3+ 36. Ke2 Qe3+ 37. Kd1 0-1

[Event "Talcahuano"]
[Site "Talcahuano"]
[Date "2012.06.03"]
[Round "3"]
[White "Vizama Riveros, Claudio"]
[Black "Estay Torreblanca, Oscar"]
[Result "0-1"]
[WhiteElo "2256"]
[BlackElo "2214"]
[PlyCount "58"]
[EventDate "2012.06.02"]
[EventType "tourn"]
[EventRounds "9"]
[EventCountry "CHI"]
[SourceTitle "CBM 149 Extra"]
[Source "ChessBase"]
[SourceDate "2012.08.24"]
[SourceVersion "1"]
[SourceVersionDate "2012.08.24"]
[SourceQuality "1"]

1. d4 Nf6 2. c4 e6 3. Nc3 d5 4. Nf3 Nbd7 5. cxd5 exd5 6. Bg5 Bb4 7. Qc2 h6 8. Bd2 c6 9. g3 0-0 10. Bg2 Re8 11. 0-0 Bd6 12. Nh4 Nb6 13. Rad1 Qe7 14. a4 Ne4 15. Rfe1 a5 16. Qb3 Bb4 17. Bc1 Qf6 18. Rf1 Ng5 19. f4 Nh3+ 20. Kh1 Bg4 21. Nf3 Nc4 22. Ne5 Nxe5 23. dxe5 Qe6 24. Qc2 Rad8 25. Bf3 Bf5 26. e4 dxe4 27. Nxe4 Rxd1 28. Rxd1 Qg6 29. Qg2 Bxe4 0-1

[Event "Talcahuano"]
[Site "Talcahuano"]
[Date "2012.06.02"]
[Round "1"]
[White "Salinas Herrera, Pablo Patricio"]
[Black "Estay Torreblanca, Oscar"]
[Result "0-1"]
[WhiteElo "2409"]
[BlackElo "2214"]
[PlyCount "87"]
[EventDate "2012.06.02"]
[EventType "tourn"]
[EventRounds "9"]
[EventCountry "CHI"]
[SourceTitle "CBM 149 Extra"]
[Source "ChessBase"]
[SourceDate "2012.08.24"]
[SourceVersion "1"]
[SourceVersionDate "2012.08.24"]
[SourceQuality "1"]

1. d4 Nf6 2. Nf3 g6 3. g3 Bg7 4. Bg2 0-0 5. 0-0 d5 6. c4 c6 7. cxd5 cxd5 8. Nc3 Ne4 9. Qb3 Nc6 10. Rd1 Nxc3 11. bxc3 Qa5 12. Ne1 e6 13. e4 dxe4 14. Bxe4 Qc7 15. Nd3 e5 16. Ba3 Re8 17. d5 Na5 18. Qb5 Bg4 19. f3 Bd7 20. Qc5 Qd8 21. Bb4 f5 22. Qxa5 b6 23. Qa6 fxe4 24. fxe4 Qg5 25. Nf2 Bh6 26. Qe2 Rac8 27. c4 Qe3 28. Qf1 Qf3 29. Bd2 Bf8 30. Qg2 Qxg2+ 31. Kxg2 Rxc4 32. Rdc1 Rxc1 33. Rxc1 Bd6 34. Nd3 Bb5 35. Nb4 a5 36. Nc6 Bd3 37. Kf3 Bc5 38. Bh6 Bb5 39. Nxa5 Bf8 40. Bd2 bxa5 41. Bxa5 Bh6 42. Rc7 Rf8+ 43. Kg4 Be2+ 44. Kh3 0-1

[Event "Fuerzas del Sur"]
[Site "Fuerzas del Sur"]
[Date "2012.02.10"]
[Round "3"]
[White "Estay Torreblanca, Oscar"]
[Black "Henriquez Pacheco, Daniel"]
[Result "1-0"]
[WhiteElo "2193"]
[BlackElo "2180"]
[PlyCount "53"]
[EventDate "2012.02.09"]
[EventType "tourn"]
[EventRounds "7"]
[EventCountry "CHI"]
[SourceTitle "CBM 147 Extra"]
[Source "ChessBase"]
[SourceDate "2012.04.24"]
[SourceVersion "1"]
[SourceVersionDate "2012.04.24"]
[SourceQuality "1"]

1. e4 e5 2. Nf3 Nc6 3. Bc4 Bc5 4. b4 Bxb4 5. c3 Ba5 6. d4 exd4 7. 0-0 h6 8. Qb3 Qf6 9. e5 Qg6 10. cxd4 Bb6 11. Bd3 Qh5 12. Ba3 d5 13. exd6 Be6 14. d7+ Kxd7 15. Qa4 Rd8 16. Nc3 Kc8 17. Be4 Nf6 18. Bxc6 bxc6 19. Ne5 Bd5 20. Qa6+ Kb8 21. Nxd5 Nxd5 22. Nxc6+ Ka8 23. Rab1 Rd7 24. Nxa7 c5 25. Nc6+ Ba7 26. Nxa7 Nb4 27. Rxb4 1-0

[Event "Fuerzas del Sur"]
[Site "Fuerzas del Sur"]
[Date "2012.02.09"]
[Round "2"]
[White "Caceres Leal, Jaime"]
[Black "Estay Torreblanca, Oscar"]
[Result "1-0"]
[WhiteElo "2122"]
[BlackElo "2193"]
[PlyCount "51"]
[EventDate "2012.02.09"]
[EventType "tourn"]
[EventRounds "7"]
[EventCountry "CHI"]
[SourceTitle "CBM 147 Extra"]
[Source "ChessBase"]
[SourceDate "2012.04.24"]
[SourceVersion "1"]
[SourceVersionDate "2012.04.24"]
[SourceQuality "1"]

1. e4 d5 2. exd5 Nf6 3. d4 Bg4 4. Be2 Bxe2 5. Nxe2 Qxd5 6. 0-0 e6 7. Bf4 Bd6 8. Nbc3 Qh5 9. Bxd6 cxd6 10. d5 e5 11. Nb5 Kd7 12. c4 a6 13. Qa4 axb5 14. Qxa8 Ke7 15. Nd4 Re8 16. Qxb7+ Nbd7 17. Nxb5 Rb8 18. Qc7 Ne8 19. Qa7 g5 20. Rfe1 Qh4 21. Nxd6 Nxd6 22. c5 Nb5 23. Rxe5+ Kd8 24. Qa5+ Nc7 25. d6 Rc8 26. Re7 1-0

[Event "Pereyra Puebla Memorial 03rd"]
[Site "Mendoza"]
[Date "2004.12.14"]
[Round "6"]
[White "Flores, Diego"]
[Black "Estay Torreblanca, Oscar"]
[Result "0-1"]
[WhiteElo "2480"]
[BlackElo "2199"]
[PlyCount "116"]
[EventDate "2004.12.11"]
[EventType "swiss"]
[EventRounds "9"]
[EventCountry "ARG"]
[SourceTitle "CBM 103 Extra"]
[Source "ChessBase"]
[SourceDate "2005.01.01"]
[SourceVersion "1"]
[SourceVersionDate "2005.01.01"]
[SourceQuality "1"]

1. Nf3 Nf6 2. c4 g6 3. Nc3 Bg7 4. d4 0-0 5. e4 d6 6. Be2 e5 7. d5 a5 8. Bg5 h6 9. Bh4 Na6 10. Nd2 Bd7 11. a3 Qe8 12. b3 Nh7 13. Rb1 h5 14. f3 Bh6 15. Bf2 Nc5 16. Qc2 Qe7 17. 0-0 Qg5 18. Rfd1 h4 19. Bf1 f5 20. b4 axb4 21. axb4 Na6 22. c5 Nf6 23. c6 bxc6 24. dxc6 Be6 25. b5 Nc5 26. Bxc5 dxc5 27. Bc4 Bf7 28. Bxf7+ Rxf7 29. Nc4 h3 30. Rb2 Raf8 31. Qd3 fxe4 32. Nxe4 Nxe4 33. fxe4 Rf3 34. Qe2 Rc3 35. b6 cxb6 36. Rbd2 b5 37. c7 Rxc4 38. Rd8 Rc1 39. Rxf8+ Bxf8 40. Rf1 Rxf1+ 41. Kxf1 Qf4+ 42. Kg1 Qc1+ 43. Qf1 Qe3+ 44. Kh1 hxg2+ 45. Kxg2 Qd2+ 46. Qf2 Qd7 47. Qa2+ Kh7 48. Qa8 Qxc7 49. Qxf8 c4 50. h4 c3 51. h5 Qg7 52. hxg6+ Qxg6+ 53. Kf3 Qh5+ 54. Kf2 Qh4+ 55. Kg1 Qg4+ 56. Kh1 Qxe4+ 57. Kg1 Qg4+ 58. Kh1 Qh4+ 0-1

[Event "Pereyra Puebla Memorial 03rd"]
[Site "Mendoza"]
[Date "2004.12.12"]
[Round "3"]
[White "Estay Torreblanca, Oscar"]
[Black "Rosito, Jorge"]
[Result "0-1"]
[WhiteElo "2199"]
[BlackElo "2403"]
[PlyCount "62"]
[EventDate "2004.12.11"]
[EventType "swiss"]
[EventRounds "9"]
[EventCountry "ARG"]
[SourceTitle "CBM 103 Extra"]
[Source "ChessBase"]
[SourceDate "2005.01.01"]
[SourceVersion "1"]
[SourceVersionDate "2005.01.01"]
[SourceQuality "1"]

1. d4 Nf6 2. Nf3 e6 3. Bg5 h6 4. Bxf6 Qxf6 5. e4 d6 6. Nc3 Nd7 7. Bd3 a6 8. e5 dxe5 9. Ne4 Qe7 10. dxe5 Qb4+ 11. Qd2 Qxb2 12. 0-0 Nxe5 13. Nxe5 Qxe5 14. f4 Qd4+ 15. Kh1 Bd7 16. Qa5 Bc6 17. Rad1 0-0-0 18. Ng3 Qc5 19. Qe1 Be7 20. Ne4 Qh5 21. Qe3 Bxe4 22. Qxe4 Qd5 23. Qa4 Qd4 24. Qa5 Qc5 25. Qe1 Rd4 26. Qe2 Rhd8 27. Rb1 Qa5 28. Be4 c6 29. Bf3 Bd6 30. c3 Rxf4 31. Rb3 Rb4 0-1